[Event "Sulaymaniyah-ch"]
[Site "Sulaymaniyah"]
[Date "2013.09.25"]
[Round "2.5"]
[White "Zrng, Salah Mohammed"]
[Black "Taha, Jalal Abdula"]
[Result "0-1"]
[WhiteElo "1998"]
[BlackElo "2062"]
[PlyCount "36"]
[EventDate "2013.09.25"]
[EventType "tourn"]
[EventRounds "9"]
[EventCountry "IRQ"]
[SourceTitle "EXT 2024"]
[Source "ChessBase"]
[SourceDate "2023.10.10"]
[SourceVersion "1"]
[SourceVersionDate "2023.10.10"]
[SourceQuality "1"]

1. e4 c5 2. Nf3 e6 3. d4 cxd4 4. Nxd4 Nc6 5. Nc3 Qc7 6. Be2 Nf6 7. 0-0 a6 8. Be3 Bb4 9. Qd3 Ne5 10. Bf4 Nxd3 11. Bxc7 Nxb2 12. Nb1 Nxe4 13. Bf3 Ng5 14. h3 Bc5 15. Be5 Bxd4 16. Bxd4 Nxf3+ 17. gxf3 Nc4 18. Nc3 Nd2 0-1

[Event "Sulaymaniyah-ch"]
[Site "Sulaymaniyah"]
[Date "2012.06.24"]
[Round "8"]
[White "Rawaz, Omar Hama"]
[Black "Zrng, Salah Mohammed"]
[Result "1/2-1/2"]
[WhiteElo "1984"]
[BlackElo "1942"]
[PlyCount "30"]
[EventDate "2012.06.23"]
[EventType "tourn"]
[EventRounds "9"]
[EventCountry "IRQ"]
[SourceTitle "EXT 2013"]
[Source "ChessBase"]
[SourceDate "2012.11.22"]
[SourceVersion "1"]
[SourceVersionDate "2012.11.22"]
[SourceQuality "1"]

1. d4 Nf6 2. c4 g6 3. Nc3 d5 4. cxd5 Nxd5 5. e4 Nxc3 6. bxc3 c5 7. Nf3 Bg7 8. Rb1 cxd4 9. cxd4 Qa5+ 10. Bd2 Qxa2 11. Qc1 0-0 12. Bc4 Qa4 13. Bb5 Qa2 14. Bc4 Qa4 15. Bb5 Qa2 1/2-1/2

[Event "Sulaymaniyah-ch"]
[Site "Sulaymaniyah"]
[Date "2012.06.24"]
[Round "2"]
[White "Zrng, Salah Mohammed"]
[Black "Taha, Jalal Abdula"]
[Result "1-0"]
[WhiteElo "1942"]
[BlackElo "2078"]
[PlyCount "115"]
[EventDate "2012.06.23"]
[EventType "tourn"]
[EventRounds "9"]
[EventCountry "IRQ"]
[SourceTitle "EXT 2013"]
[Source "ChessBase"]
[SourceDate "2012.11.22"]
[SourceVersion "1"]
[SourceVersionDate "2012.11.22"]
[SourceQuality "1"]

1. e4 c6 2. Nc3 d5 3. Nf3 Bg4 4. h3 Bh5 5. exd5 cxd5 6. Bb5+ Nc6 7. g4 Bg6 8. Ne5 Qd6 9. d4 a6 10. Bxc6+ bxc6 11. Bf4 Qe6 12. Na4 f6 13. Nc5 Qc8 14. Ned7 Ra7 15. Nxf8 Kxf8 16. Qe2 h5 17. 0-0-0 Bf7 18. g5 Qf5 19. Qe3 fxg5 20. Bxg5 Nf6 21. Bxf6 Qxf6 22. Rd3 Bg6 23. Ra3 Kf7 24. Rxa6 Rxa6 25. Nxa6 Ra8 26. Nb4 Rb8 27. a3 Rb6 28. Re1 Be4 29. Nd3 Bxd3 30. Qxd3 c5 31. dxc5 Qxb2+ 32. Kd2 Rf6 33. Qxd5+ Kg6 34. Qd3+ Kh6 35. Qe3+ Kh7 36. Rg1 Rf5 37. Rg5 Rxg5 38. Qxg5 Qd4+ 39. Ke2 Qe4+ 40. Kd1 Qd4+ 41. Qd2 Qxc5 42. Qe3 Qc7 43. Kc1 g6 44. a4 Qd6 45. a5 e5 46. Qd3 Qb4 47. a6 Qe1+ 48. Kb2 Qb4+ 49. Qb3 Qd4+ 50. Kb1 Qxf2 51. Qb7+ Kh6 52. a7 Qg1+ 53. Ka2 Qc5 54. a8Q Qxc2+ 55. Qb2 Qc4+ 56. Ka1 Qf1+ 57. Qb1 Qf6 58. Qc1+ 1-0